000 00551nam a2200181Ia 4500
008 100917s9999 xx 000 0 und d
082 _b14881
100 _aइस्लामपूरकर वामनशास्त्री
245 _aविदग्ध पुरूरवा
260 _b---
_c1889
300 _a160
365 _b0
520 _aकादंबरी
630 _aविदग्ध पुरूरवा
650 _aकादंबरी
730 _aविदग्ध पुरूरवा
942 _cBOOK
999 _c620275
_d620272